| 000 | 01024nam a22002654a 4500 | ||
|---|---|---|---|
| 005 | 20090604145539.0 | ||
| 008 | 020212s2002 flua 000 0 eng | ||
| 010 | _aENG-93885 | ||
| 020 |
_a9788189975869 _c275.00 |
||
| 035 | _aEN-77418 | ||
| 037 | _bDBAD / PUB | ||
| 040 |
_adpl _bEnglish |
||
| 082 | _a650.1 | ||
| 245 |
_aLife lessons for mastering the law of attraction: _b7 essential ingredients for living a prosperous life / _cby Jack Canfield ... [et al.] |
||
| 260 |
_aNew Delhi _bWestland _c2008 |
||
| 270 |
_aF-5 Okhla Industrial Area, Phase-I, Mezzanine Floor _bNew Delhi _e110020 |
||
| 300 |
_axiv, 330 p. _c23cm(pbk) |
||
| 650 |
_aSuccess _xPsychological aspects. |
||
| 650 | _aIntentionalism. | ||
| 650 | _a Health. | ||
| 650 | _aWealth. | ||
| 700 | _aCanfield, Jack, | ||
| 942 |
_2ddc _cEN _mLIF _h650.1 |
||
| 999 |
_c27232 _d27232 |
||